[Event "Oebro CXU International 2024"]
[Site "Copenhagen"]
[Date "2024.07.27"]
[Round "8.7"]
[White "Loftgaard, Mikkel Vinh"]
[Black "Haubro, Martin"]
[Result "1/2-1/2"]
[WhiteElo "2246"]
[BlackElo "2400"]
[WhiteFideId "1468480"]
[BlackFideId "1414291"]
[EventDate "2024.07.22"]
[EventType "swiss"]
[EventRounds "9"]
[EventCountry "DEN"]
[SourceTitle "Live v. Obro Skakforening"]

1. e4   c5  2. Nf3   d6  3. d4   cxd4  4. Nxd4   Nf6  5. Nc3   a6  6. g3   e5  7. Nde2   Be7  8. Bg2   O-O  9. O-O   Nbd7  10. a4  10... b6  11. Nd5   Nxd5  12. Qxd5   Ra7  13. Be3   Rc7  14. Nc3   Bb7  15. Qd2   Qb8  16. f4   Bc6  17. Qf2   b5  18. axb5   axb5  19. Nd5   Bxd5  20. exd5  20... Bf6  21. Ra6   exf4  22. Bxf4   Be5  23. Bxe5   Nxe5  24. Rxd6   Rxc2  25. Qxc2   Qxd6  26. Kh1   h5  27. Qe2   h4  28. gxh4   Rc8  29. Re1   Ng6  30. Qxb5  30... Qf4  31. h5   Qd2  32. Re8+   Rxe8  33. Qxe8+   Nf8  34. Qb5   Nd7  35. Bf1   Nf6  36. Qd3   Qxb2  37. Be2   Qc1+  38. Bd1   Nxh5  39. d6   Nf6  40. Kg2  40... Qc6+  41. Bf3   Qd7  42. Qa6   g6  43. Qc6   Kg7  44. Qxd7   Nxd7  45. h4   f5  46. Bc6   Ne5  47. Be8   Kf6  48. Kg3   Ke6  49. d7   Nxd7  1/2-1/2

[Event "Oebro CXU International 2024"]
[Site "Copenhagen"]
[Date "2024.07.27"]
[Round "8.8"]
[White "Kush, Bhagat"]
[Black "Egresi, Mate"]
[Result "1-0"]
[WhiteElo "2188"]
[BlackElo "2377"]
[WhiteFideId "46672940"]
[BlackFideId "738506"]
[EventDate "2024.07.22"]
[EventType "swiss"]
[EventRounds "9"]
[EventCountry "DEN"]
[SourceTitle "Live v. Obro Skakforening"]

1. d4   Nf6  2. c4   g6  3. Nc3   d5  4. cxd5   Nxd5  5. e4   Nxc3  6. bxc3   Bg7  7. Qa4+   Nd7  8. Nf3   O-O  9. Be2   c5  10. O-O  10... Nb6  11. Qa3   cxd4  12. cxd4   Bg4  13. Bg5   Re8  14. Rfd1   Qd6  15. Qe3   Rac8  16. Rab1   Rc2  17. h3   Bd7  18. Rd2   Rxd2  19. Qxd2   Rc8  20. Qa5  20... h6  21. Be3   Nc4  22. Bxc4   Rxc4  23. Qd8+   Kh7  24. Rxb7   Bc6  25. Qxe7   Qxe7  26. Rxe7   a5  27. d5   Bb5  28. Rxf7   Kg8  29. Rb7   Rb4  30. d6  30... Bc6  31. Rc7   Bxe4  32. Rxg7+   Kxg7  33. d7   Rb8  34. Bb6   a4  35. a3   Kf6  36. d8=Q+   Rxd8  37. Bxd8+   Ke6  38. Kf1   Bd5  39. Ke2   Bc4+  40. Kd2  40... Bf1  41. Ne1   g5  42. Kc3   Kd5  43. Kb4  1-0

[Event "Oebro CXU International 2024"]
[Site "Copenhagen"]
[Date "2024.07.27"]
[Round "8.9"]
[White "Ramsdal, Jens Albert"]
[Black "Nielsen, Viktor Haarmark"]
[Result "0-1"]
[WhiteElo "2351"]
[BlackElo "2364"]
[WhiteFideId "1429221"]
[BlackFideId "1444492"]
[EventDate "2024.07.22"]
[EventType "swiss"]
[EventRounds "9"]
[EventCountry "DEN"]
[SourceTitle "Live v. Obro Skakforening"]

1. d4   Nf6  2. c4   c6  3. Nc3   d5  4. cxd5   cxd5  5. Bf4   Nc6  6. e3   a6  7. Rc1   Bf5  8. Nf3   e6  9. Qb3   Bb4  10. Be2  10... O-O  11. O-O   Qe7  12. a3   Bxc3  13. Rxc3   Ne4  14. Rcc1   g5  15. Bg3   Rfc8  16. Qb6   f6  17. h3   Nxg3  18. fxg3   Qc7  19. Qxc7   Rxc7  20. Nd2  20... Rac8  21. Nb3   Kf7  22. Rf2   Nb8  23. Rcf1   Nd7  24. Na5   Rb8  25. Bf3   Bg6  26. h4   h6  27. Nb3   Ke7  28. Be2   Rf8  29. Rc1   Rfc8  30. Rcf1  30... Rc2  31. Bd1   Rxf2  32. Rxf2   Be4  33. Rd2   Nb6  34. Nc5   Nc4  35. Re2   Nd6  36. a4   b6  37. Nxe4   Nxe4  38. Rc2   Rxc2  39. Bxc2   Nxg3  40. hxg5  40... hxg5  41. Kf2   Ne4+  42. Kf3   f5  43. Bd3   a5  44. Ba6   Kf6  45. Ke2   Nd6  46. Kf3   Kg6  47. g4   fxg4+  48. Kxg4   Kf6  49. Bd3   e5  50. b3  50... e4  51. Ba6   Nf5  52. Bb7   Nxe3+  53. Kg3   Nf5+  54. Kf2   Nxd4  55. Bxd5   Ke5  0-1

[Event "Oebro CXU International 2024"]
[Site "Copenhagen"]
[Date "2024.07.27"]
[Round "8.10"]
[White "Gomez Aguirre, Juan Alberto"]
[Black "Sriram, Jha"]
[Result "1/2-1/2"]
[WhiteElo "2322"]
[BlackElo "2304"]
[WhiteFideId "54587867"]
[BlackFideId "5001668"]
[EventDate "2024.07.22"]
[EventType "swiss"]
[EventRounds "9"]
[EventCountry "DEN"]
[SourceTitle "Live v. Obro Skakforening"]

1. d4   d5  2. c4   dxc4  3. e3   Nf6  4. Bxc4   e6  5. Nf3   a6  6. O-O   c5  7. b3   cxd4  8. Nxd4   Be7  9. Bb2   O-O  10. Nd2  10... Bd7  11. Be2   Nc6  12. Bf3   Rc8  13. Rc1   Nxd4  14. Bxd4   b5  15. Rxc8   Qxc8  16. Qb1   Qb8  17. Qb2   Rc8  18. Ne4   Nxe4  19. Bxe4   f6  20. f4  20... Bc6  21. Qc2   Bxe4  22. Qxe4   Qd6  23. Rd1   Qc6  24. Qxc6   Rxc6  25. a4   bxa4  26. bxa4   Rc4  27. a5   Ra4  28. Bb6   Bb4  29. Rd7   Bxa5  30. Bd4  30... Bb4  31. g4   Bf8  32. Kg2   Ra2+  33. Kg3   a5  34. Ra7   a4  35. h4   a3  36. g5   fxg5  37. hxg5   Rc2  38. Be5   g6  39. Bd4   a2  40. Kf3  40... h5  41. gxh6   Bxh6  42. Ke4   Rd2  43. Ke5   Bg7+  44. Kxe6   Bxd4  45. exd4   Rxd4  46. Kf6   Rxf4+  47. Kxg6   Rg4+  48. Kf5   Rg2  49. Ke4   Kf8  50. Kd3  50... Ke8  51. Kc3   Kd8  52. Kb3   Kc8  53. Rxa2   Rxa2  54. Kxa2  1/2-1/2

[Event "Oebro CXU International 2024"]
[Site "Copenhagen"]
[Date "2024.07.27"]
[Round "8.11"]
[White "Jacobsen, Mikkel Manosri"]
[Black "Thogersen, Rasmus"]
[Result "1/2-1/2"]
[WhiteElo "2242"]
[BlackElo "2309"]
[WhiteFideId "1444514"]
[BlackFideId "1431412"]
[EventDate "2024.07.22"]
[EventType "swiss"]
[EventRounds "9"]
[EventCountry "DEN"]
[SourceTitle "Live v. Obro Skakforening"]

1. c4   e5  2. g3   Nf6  3. Bg2   c6  4. Nf3   e4  5. Nd4   Qb6  6. Nb3   a5  7. d3   a4  8. N3d2   Bc5  9. O-O   Bxf2+  10. Rxf2  10... e3  11. Rxf6   exd2+  12. Rf2   dxc1=Q  13. Qxc1   d6  14. Nc3   O-O  15. Ne4   a3  16. b4   d5  17. cxd5   Qxb4  18. Rb1   Qa5  19. Nd6   Na6  20. Qc4  20... Qc7  21. Nxc8   Rfxc8  22. dxc6   bxc6  23. Rbf1   Qa7  24. d4   Rc7  25. Bxc6   Rac8  26. d5   Nb8  27. Kg2   h6  28. Qb3   Nxc6  29. dxc6   Rf8  30. Rc1  30... Rfc8  31. Qd5   Qe3  32. Rc4   Qe8  33. Rcf4   Qxc6  34. Qxc6   Rxc6  35. Rxf7   Rc2  36. e4   Rb2  37. e5   Rcc2  38. e6   Rxa2  39. Rf8+   Kh7  40. e7  40... Rxf2+  41. Rxf2   Rxf2+  42. Kxf2   a2  43. e8=Q   a1=Q  1/2-1/2

[Event "Oebro CXU International 2024"]
[Site "Copenhagen"]
[Date "2024.07.27"]
[Round "8.12"]
[White "Nord, Alexander"]
[Black "Falkesgaard, Jeppe Hald"]
[Result "1-0"]
[WhiteElo "2212"]
[BlackElo "2321"]
[WhiteFideId "1738135"]
[BlackFideId "1464981"]
[EventDate "2024.07.22"]
[EventType "swiss"]
[EventRounds "9"]
[EventCountry "DEN"]
[SourceTitle "Live v. Obro Skakforening"]

1. d4   d5  2. c4   c6  3. Nc3   Nf6  4. Nf3   e6  5. Bg5   Nbd7  6. e3   Qa5  7. Nd2   dxc4  8. Bxf6   Nxf6  9. Nxc4   Qc7  10. Bd3  10... Be7  11. O-O   O-O  12. e4   Rd8  13. e5   Ne8  14. Re1   b5  15. Ne3   Qb6  16. Qh5   g6  17. Qf3   Bb7  18. Ng4   Kg7  19. Be4   Rxd4  20. Ne2  20... Rd7  21. Ng3   Bg5  22. h4   Bxh4  23. Qf4   Bxg3  24. Qh6+   Kg8  25. Re3   Bxf2+  26. Kxf2   Qd8  27. Rf3   Qe7  28. Rh1   f5  29. exf6   Qc5+  30. Kg3  30... Qd6+  31. Rf4   e5  32. f7+   Rxf7  33. Rxf7   Kxf7  34. Qxh7+   Ke6  35. Qxb7   Nf6  36. Nxf6  1-0

[Event "Oebro CXU International 2024"]
[Site "Copenhagen"]
[Date "2024.07.27"]
[Round "8.13"]
[White "Buchal, Stephan"]
[Black "Thorsen, Adrian Stenstrop"]
[Result "0-1"]
[WhiteElo "2211"]
[BlackElo "2226"]
[WhiteFideId "4603915"]
[BlackFideId "1473760"]
[EventDate "2024.07.22"]
[EventType "swiss"]
[EventRounds "9"]
[EventCountry "DEN"]
[SourceTitle "Live v. Obro Skakforening"]

1. c4   e5  2. g3   Nc6  3. Bg2   Bc5  4. Nc3   d6  5. e3   a6  6. Nge2   Ba7  7. d4   h5  8. h3   h4  9. g4   f5  10. Rg1  10... fxg4  11. hxg4   h3  12. Bh1   Nh6  13. Qd3   O-O  14. g5   Ng4  15. Bd5+   Kh8  16. Rg3   Qxg5  17. Rxh3+   Nh6  18. Rg3   Qe7  19. Be4   exd4  20. Nd5  20... Qh4  21. Nef4   Rxf4  22. Nxf4   Ne5  23. Ng6+   Nxg6  24. Rxg6   Bg4  25. exd4   Bh5  26. Rxh6+   gxh6  27. Be3   Re8  28. Bxb7   Bxd4  29. Kf1  0-1

[Event "Oebro CXU International 2024"]
[Site "Copenhagen"]
[Date "2024.07.27"]
[Round "8.14"]
[White "Schmidt, Kristen"]
[Black "Andersen, Morten"]
[Result "0-1"]
[WhiteElo "2216"]
[BlackElo "2176"]
[WhiteFideId "1400436"]
[EventDate "2024.07.22"]
[EventType "swiss"]
[EventRounds "9"]
[EventCountry "DEN"]
[SourceTitle "Live v. Obro Skakforening"]

1. e4   c5  2. Nf3   Nc6  3. d4   cxd4  4. Nxd4   e5  5. Nb5   d6  6. N1c3   a6  7. Na3   b5  8. Nd5   Nge7  9. Bg5   h6  10. Bxe7  10... Bxe7  11. c3   O-O  12. Nc2   Be6  13. a4   bxa4  14. Rxa4   a5  15. Bb5   Na7  16. Bc4   Nc8  17. Nce3   Bg5  18. Ra2   Bxe3  19. Nxe3   Nb6  20. Bd5  20... Nxd5  21. Nxd5   Qh4  22. Qd3   f5  23. exf5   Bxf5  24. Qe3   Be6  0-1

[Event "Oebro CXU International 2024"]
[Site "Copenhagen"]
[Date "2024.07.27"]
[Round "8.15"]
[White "Simonsen, Carsten"]
[Black "Koduri, Advaitt Srikant"]
[Result "0-1"]
[WhiteElo "2212"]
[BlackElo "2114"]
[WhiteFideId "1439898"]
[BlackFideId "25185454"]
[EventDate "2024.07.22"]
[EventType "swiss"]
[EventRounds "9"]
[EventCountry "DEN"]
[SourceTitle "Live v. Obro Skakforening"]

1. d4   d5  2. Nf3   Nf6  3. Bf4   e6  4. e3   c5  5. c3   Nc6  6. Nbd2   Bd6  7. Bg3   O-O  8. Bd3   b6  9. e4   Be7  10. e5  10... Nh5  11. Ng5   Bxg5  12. Qxh5   g6  13. Qe2   cxd4  14. h4   Bh6  15. h5   dxc3  16. bxc3   Bg7  17. hxg6   hxg6  18. Bh4   Qc7  19. f4   Nxe5  20. fxe5  20... Qxc3  21. Rb1   Qxe5  22. Qxe5   Bxe5  23. Nf3   Bg7  24. O-O   Bb7  25. Bg3   Rac8  26. Ne5   Rc3  27. Rb3   d4  28. Nd7   Rfc8  29. Nf6+   Bxf6  30. Rxf6  30... Rxb3  31. axb3   Rc3  32. Be5   Rxd3  33. Rf4   Kf8  34. Bf6   Rxb3  35. Rxd4   Bd5  36. g4   Ke8  37. g5   Kd7  38. Kf2   a5  39. Ke2   Kd6  40. Kd2  40... b5  0-1

[Event "Oebro CXU International 2024"]
[Site "Copenhagen"]
[Date "2024.07.27"]
[Round "8.16"]
[White "Veiergang, Oscar Jacob"]
[Black "Christensen, Stefan"]
[Result "1/2-1/2"]
[WhiteElo "2070"]
[BlackElo "2210"]
[BlackFideId "1404148"]
[EventDate "2024.07.22"]
[EventType "swiss"]
[EventRounds "9"]
[EventCountry "DEN"]
[SourceTitle "Live v. Obro Skakforening"]

1. e4   e6  2. d4   d5  3. Nd2   Be7  4. Ngf3   Nf6  5. e5   Nfd7  6. Bd3   c5  7. c3   Nc6  8. O-O   Qb6  9. dxc5   Nxc5  10. Bc2  10... a5  11. Nb3   Nxb3  12. axb3   Bd7  13. Re1   Rc8  14. h4   h6  15. Ra4   Bc5  16. Be3   Bxe3  17. Rxe3   Nxe5  18. Nxe5   Bxa4  19. bxa4   Qxb2  20. Qd3  20... Rc7  21. Rg3   Qc1+  22. Kh2   Qf4  23. Qb5+   Ke7  24. Nf3   Rhc8  25. Qxa5   Rxc3  26. Bb1   Rb3  27. Bh7   Rc1  28. Ng1   Qxh4+  29. Nh3   Rxg3  30. fxg3  30... Qd4  31. Qb5   b6  32. a5   bxa5 33. Qxa5   g5  34. Qa3+   Qc5  35. Qf3   Qc3  36. Qf2   Qe1  37. Qa7+   Kf8  38. Ng1   g4  39. Bd3   Rc3  40. Qd4  40... Qd2  41. Qb4+   Kg7  42. Qxg4+   Qg5  43. Qe2   e5  44. Nh3   Qf6  45. Nf2   e4  46. Bxe4   dxe4  47. Nxe4   Qe5  48. Nxc3  1/2-1/2

[Event "Oebro CXU International 2024"]
[Site "Copenhagen"]
[Date "2024.07.27"]
[Round "8.17"]
[White "Thuesen, Mogens Henrik"]
[Black "Hammari, Vinjar"]
[Result "1/2-1/2"]
[WhiteElo "2095"]
[BlackElo "2203"]
[BlackFideId "1552007"]
[EventDate "2024.07.22"]
[EventType "swiss"]
[EventRounds "9"]
[EventCountry "DEN"]
[SourceTitle "Live v. Obro Skakforening"]

1. e4   e5  2. Nf3   Nc6  3. d4   exd4  4. Nxd4   Nf6  5. Nc3   Bb4  6. Nxc6   bxc6  7. Bd3   O-O  8. O-O   Re8  9. Qf3   d6  10. Bg5  10... h6  11. Bxf6   Qxf6  12. Qxf6   gxf6  13. a3   Bxc3  14. bxc3   Re5  15. f4   Rc5  16. Rf3   Rb8  17. Kf2   Kf8  18. Re1   Rxc3  19. e5   f5  20. Rh3  20... Rb2  21. Ree3   c5  22. Rxh6   Be6  23. g4   fxg4  24. exd6   cxd6  25. f5   Rxd3  26. Rxd3   Rxc2+  27. Ke3   Bxf5  28. Rdxd6   Rc3+  29. Kf4   Be6  30. Ra6  30... Rf3+  31. Ke4   c4  32. Rxa7   c3  33. Rc7   c2  34. Ke5   Rf5+  35. Kd4   Rf4+  36. Ke3   Bc4  37. Kd2   Bb3  38. Rhc6   Rf2+  39. Ke3   Rxh2  40. Kf4  40... Rg2  41. Rc3   Rg1  42. Rxb3   c1=Q+  43. Rxc1   Rxc1  44. Kxg4 1/2-1/2

[Event "Oebro CXU International 2024"]
[Site "Copenhagen"]
[Date "2024.07.27"]
[Round "8.18"]
[White "Steffens, Olaf"]
[Black "Gregor, Bjarke"]
[Result "0-1"]
[WhiteElo "2192"]
[BlackElo "2082"]
[WhiteFideId "4630564"]
[BlackFideId "1423401"]
[EventDate "2024.07.22"]
[EventType "swiss"]
[EventRounds "9"]
[EventCountry "DEN"]
[SourceTitle "Live v. Obro Skakforening"]

1. d3   d5  2. Nc3   e5  3. Nf3   Nc6  4. g3   d4  5. Nb1   Be6  6. Bg2   Qd7  7. c3   Nf6  8. O-O   Be7  9. b3   Bh3  10. Bb2  10... h5  11. Nbd2   Bxg2  12. Kxg2   h4  13. Ng1   hxg3  14. hxg3   Ng4  15. Ndf3   Qf5  16. Re1   Rh2+  17. Nxh2   Qxf2+  18. Kh3   Ne3  19. Ngf3   Qg2# 0-1

[Event "Oebro CXU International 2024"]
[Site "Copenhagen"]
[Date "2024.07.27"]
[Round "8.19"]
[White "Johansson, Thomas"]
[Black "Jaksland, Tim"]
[Result "1-0"]
[WhiteElo "2172"]
[BlackElo "2074"]
[BlackFideId "1401084"]
[EventDate "2024.07.22"]
[EventType "swiss"]
[EventRounds "9"]
[EventCountry "DEN"]
[SourceTitle "Live v. Obro Skakforening"]

1. e4   e5  2. Nf3   Nc6  3. Nc3   Nf6  4. Bb5   Nd4  5. O-O   Nxb5  6. Nxb5   c6  7. Nc3   d6  8. d4   Qc7  9. Bg5   Be7  10. Bxf6  10... Bxf6  11. d5   O-O  12. a4   a5  13. Qd3   Be7  14. Nd2   g6  15. Rad1   c5  16. Nc4   Ra6  17. f4   f6  18. Qg3   Qd8  19. Rd3   exf4  20. Qxf4  20... Kg7  21. Nb5   f5  22. e5   dxe5  23. Qxe5+   Bf6  24. Qe3   b6  25. c3   Bd7  26. Qf4   Bxb5  27. axb5   Ra7  28. d6   Re8  29. Re3   Rxe3  30. Qxe3  30... Rd7  31. Qe6   Rb7  32. Rd1   Qg8  33. Qxg8+   Kxg8  34. d7   Bd8  35. Ne5   Rb8  36. Nc6   Ra8  37. Re1  1-0

[Event "Oebro CXU International 2024"]
[Site "Copenhagen"]
[Date "2024.07.27"]
[Round "8.20"]
[White "Jain, Sachi"]
[Black "Jarlskov, Daniel Tuk Hartso"]
[Result "1-0"]
[WhiteElo "2140"]
[BlackElo "2030"]
[WhiteFideId "25974050"]
[EventDate "2024.07.22"]
[EventType "swiss"]
[EventRounds "9"]
[EventCountry "DEN"]
[SourceTitle "Live v. Obro Skakforening"]

1. e4   c6  2. Nf3   d5  3. d3   Bg4  4. h3   Bxf3  5. Qxf3   e6  6. g3   Nf6  7. Bg2   Be7  8. O-O   O-O  9. Nd2   a5  10. Qe2  10... a4  11. a3   b5  12. f4   Na6  13. g4   b4  14. g5   Ne8  15. axb4   Nxb4  16. Nf3   dxe4  17. dxe4   Qa5  18. Kh1   Qa6  19. Qf2   Qc4  20. Ne5  20... Qxc2  21. Nd7   Qd3  22. Nxf8   Bxf8  23. Bd2   Nc2  24. Rad1   Qb3  25. Bc3   a3  26. bxa3   Bxa3  27. Rd2   Nb4  28. Bxb4   Bxb4  29. Rb2   Qa3  30. e5  30... Rc8  31. f5   f6  32. exf6   gxf6  33. fxe6   Be7  34. Rb7   Rd8  35. Qa7   Qxa7  36. Rxa7   Bc5  37. Rd7  1-0

[Event "Oebro CXU International 2024"]
[Site "Copenhagen"]
[Date "2024.07.28"]
[Round "9.1"]
[White "Kistrup, Nicolai"]
[Black "Sengupta, Deep"]
[Result "1/2-1/2"]
[WhiteElo "2367"]
[BlackElo "2491"]
[WhiteFideId "1444816"]
[BlackFideId "5008352"]
[EventDate "2024.07.22"]
[EventType "swiss"]
[EventRounds "9"]
[EventCountry "DEN"]
[SourceTitle "Live v. Obro Skakforening"]

1. d4   d5  2. c4   c6  3. cxd5   cxd5  4. Bf4   Nc6  5. e3   Nf6  6. Nc3   Bf5  7. Nf3   e6  8. Ne5   Nd7  9. Nxc6   bxc6  10. Be2  10... Be7  11. O-O   O-O  12. Rc1   c5  13. dxc5   Nxc5  14. Nb5   Bg6  15. h4   h6  16. h5   Bh7  17. Qd4   Ne4  18. Be5   f6  19. Bc7   Qd7  20. Nxa7  20... Bc5  21. Rxc5   Rxa7  22. Bb6   Nxc5  23. Bxa7   Qxa7  24. Rc1   Rc8  25. b4   Qxa2  26. Bg4   Bc2  27. bxc5   Rc6  28. Qb4   Qa4  29. Qb8+   Kh7  30. Qe8  30... Qxg4  31. Rxc2   Rc8  32. Qxc8   Qd1+  33. Kh2   Qxh5+  34. Kg3   Qg5+  35. Kh2   Qh5+  36. Kg3   Qg5+  37. Kh2   Qh5+ 1/2-1/2

[Event "Oebro CXU International 2024"]
[Site "Copenhagen"]
[Date "2024.07.28"]
[Round "9.2"]
[White "Solodovnichenko, Yuri"]
[Black "Bazilius, Augustinas"]
[Result "1-0"]
[WhiteElo "2481"]
[BlackElo "2096"]
[WhiteFideId "14104369"]
[BlackFideId "12832251"]
[EventDate "2024.07.22"]
[EventType "swiss"]
[EventRounds "9"]
[EventCountry "DEN"]
[SourceTitle "Live v. Obro Skakforening"]

1. e4   e6  2. d4   d5  3. Nc3   Nf6  4. Bg5   dxe4  5. Nxe4   Be7  6. Bxf6   gxf6  7. Nf3   f5  8. Nc3   a6  9. Qe2   b5  10. O-O-O  10... b4  11. Na4   Qd5  12. b3   Nd7  13. Qe3   Rg8  14. Rg1   Bb7  15. Bc4   Qe4  16. Qd2   Bd6  17. Kb1   Qg4  18. Ne5   Bxe5  19. dxe5   Bc6  20. Be2  20... Qg5  21. Qxb4   f4  22. Nc5   a5  23. Qd4   Qxe5  24. Nxd7   Qxd4  25. Rxd4   Bxd7  26. Bf3   c5  27. Rxf4   Ra6  28. Re1   a4  29. Re5   axb3  30. axb3  30... Ke7  31. Rxc5   f5  32. Rh4   Rg7  33. Rh6   Rd6  34. Kc1   Rf7  35. Ra5   Rb6  36. Ra8   Kd6  37. Rh8  1-0

[Event "Oebro CXU International 2024"]
[Site "Copenhagen"]
[Date "2024.07.28"]
[Round "9.3"]
[White "Colbow, Collin"]
[Black "Hector, Jonny"]
[Result "1/2-1/2"]
[WhiteElo "2413"]
[BlackElo "2410"]
[WhiteFideId "16201132"]
[BlackFideId "1700090"]
[EventDate "2024.07.22"]
[EventType "swiss"]
[EventRounds "9"]
[EventCountry "DEN"]
[SourceTitle "Live v. Obro Skakforening"]

1. e4   e5  2. Nf3   Nc6  3. Bb5   f5  4. d3   fxe4  5. dxe4   Nf6  6. O-O   d6  7. Bc4   Bg4  8. h3   Bh5  9. Nc3   Qd7  10. Nd5  10... O-O-O  11. Qd3   Kb8  12. a4   Bxf3  13. Qxf3   Nd4  14. Qd3   c6  15. Nxf6   gxf6  16. c3   d5  17. exd5   cxd5  18. Ba2   Ne6  19. Rd1   Nc7  20. Be3  20... Rg8  21. b4   f5  22. f4   Bd6  23. Bxd5   Nxd5  24. Qxd5   Qc7  25. fxe5   Bxe5  26. Qc5   Qxc5  27. Bxc5   Bxc3  28. Rxd8+   Rxd8  29. Rf1   b6  30. Be7  30... Rd7  31. Bf8   Bd4+  32. Kh1   Be5  33. Kg1   f4  34. Re1   Bd4+  35. Kf1   Be3  36. g3   Rd2  37. gxf4   Rf2+ 1/2-1/2

[Event "Oebro CXU International 2024"]
[Site "Copenhagen"]
[Date "2024.07.28"]
[Round "9.5"]
[White "Rakhmangulova, Anastasiya"]
[Black "Rozentalis, Eduardas"]
[Result "0-1"]
[WhiteElo "2295"]
[BlackElo "2480"]
[WhiteFideId "14117479"]
[BlackFideId "12800023"]
[EventDate "2024.07.22"]
[EventType "swiss"]
[EventRounds "9"]
[EventCountry "DEN"]
[SourceTitle "Live v. Obro Skakforening"]

1. e4   c6  2. d4   d5  3. e5   c5  4. dxc5   Nc6  5. Nf3   Bg4  6. c3   e6  7. Be3   a6  8. Bd4   Bxf3  9. Qxf3   b6  10. b4  10... bxc5  11. bxc5   Qa5  12. Nd2   Bxc5  13. Bxc5   Qxc5  14. Qg3   Nge7  15. Nb3   Qa3  16. Bd3   O-O  17. O-O   Rfc8  18. Nd2   Ng6  19. c4   Ncxe5  20. Bxg6  20... Qxg3  21. Bxf7+   Nxf7  22. fxg3   dxc4  23. Rac1   Nd6  24. Rc3   Rab8  25. Rfc1   Rb2  26. R1c2   Rxc2  27. Rxc2   Kf7  28. Kf2   e5  29. g4   Ke6  30. Ke3  30... c3  31. Nb1   Nb5  32. a4   Nc7  33. Ke4   Nd5  34. Na3   Nb4  35. Rc1   c2  0-1

[Event "Oebro CXU International 2024"]
[Site "Copenhagen"]
[Date "2024.07.28"]
[Round "9.6"]
[White "Aczel, Gergely"]
[Black "Nielsen, Viktor Haarmark"]
[Result "1/2-1/2"]
[WhiteElo "2498"]
[BlackElo "2364"]
[WhiteFideId "727709"]
[BlackFideId "1444492"]
[EventDate "2024.07.22"]
[EventType "swiss"]
[EventRounds "9"]
[EventCountry "DEN"]
[SourceTitle "Live v. Obro Skakforening"]

1. c4   Nf6  2. Nc3   e6  3. e4   d5  4. cxd5   exd5  5. e5   d4  6. exf6   dxc3  7. fxg7   cxd2+  8. Bxd2   Bxg7  9. Bc4   O-O  10. Ne2  10... Nc6  11. O-O   Ne5  12. Bb3   c5  13. Ng3   c4  14. Bc2   Bg4  15. f3   Be6  16. Nh5   Bh8  17. Qe1   Ng6  18. Bc3   Qg5  19. Bxh8   Nxh8  20. Ng3  20... Ng6  21. Qc3   Nf4  22. Kh1   Rfd8  23. Rae1   Nd5  24. Qxc4   Ne3  25. Qe4   Nxc2  26. Qxc2   Rac8  27. Qe4   Rd2  28. Re2   Bd5  29. Qa4   Bc6  30. Qc4  30... Rcd8  31. Rxd2   Rxd2  32. Qc1   Qd8  33. Nf5   Qd3  34. Re1   h5  35. Ne7+   Kg7  36. Nxc6   bxc6  37. h3   Qc2  38. Qxc2   Rxc2  39. Re5   Kg6  40. a4  40... Rxb2  41. Rc5   Rb6  42. a5   Rb7  43. Rxc6+   f6  44. h4   Rb4  45. g3   Rb1+  46. Kg2   Rb2+  47. Kg1   Rb5  48. Ra6   Rb7  49. Kg2   Kf5  50. Rc6  50... Rb5  51. Ra6   Rb7  52. Kf2   Re7  53. Kg1   Re3  54. Kg2   Re2+  55. Kf1   Re3  56. Kg2   Re2+  57. Kh3   Re3  58. f4   Ra3  59. Rxa7   Ra2  60. Ra8  60... Ke4  61. Rb8   Rxa5  62. Rb2   Kf5  63. Rb8   Ke4  64. Rb2   Kf5  65. Re2   Ra1  66. Re8   Rh1+  67. Kg2   Ra1  68. Kf3   Ra3+  69. Kg2   Ra1  70. Rd8  70... Kg4  71. Rg8+   Kf5  72. Kh2   Rb1  73. Kg2   Ra1  74. Kf2   Ra3  75. Ke2   Ke4  76. Re8+   Kf5  77. Re3   Rxe3+  78. Kxe3   Kg4  79. Kf2   f5  80. Kg2 1/2-1/2